|
|
|
|
| LEADER |
00000nab a2200000 a 4500 |
| 001 |
vtls000742523 |
| 003 |
SK-MaSNL |
| 005 |
20260304033946.0 |
| 008 |
180206c2000 xo 0 slo |
| 015 |
|
|
|a SNBRB2001/01-02302
|
| 035 |
|
|
|a CLN000094361
|
| 040 |
|
|
|a SNKBUCL
|b slo
|c SNKBUCL
|e AACR2
|
| 041 |
0 |
|
|a slo
|
| 044 |
|
|
|a xo
|c SK
|
| 080 |
|
|
|a 378.142(437.6:73)
|2 UDC-MRF-SK2
|
| 100 |
1 |
|
|a Reiselová, Eva,
|d 1960-
|4 aut
|9 12922
|
| 245 |
1 |
0 |
|a Soňa Ferenčíková: Na dobrej vysokej škole sa musí platiť školné
|c Eva Reiselová
|
| 650 |
0 |
7 |
|a školy vysoké
|x poplatky
|z Slovensko
|z USA
|2 snkbucl
|9 1316333
|
| 650 |
0 |
7 |
|a poplatky vysokoškolské
|2 snkbucl
|9 850797
|
| 650 |
0 |
7 |
|a vedci
|2 snkbucl
|9 70904
|
| 650 |
0 |
7 |
|a pracovníci odborní
|2 snkbucl
|9 1013145
|
| 655 |
|
7 |
|a články z novín a časopisov
|2 snkbucl
|9 267496
|
| 773 |
0 |
|
|x 1335-0684
|t Trend
|g Roč. 10, č. 47 (2000), s. 8A
|
| 850 |
|
|
|a Slovenská národná knižnica v Martine
|
| 852 |
|
|
|a SNK
|b KIS3GCP
|
| 958 |
|
|
|a RBX
|
| 999 |
|
|
|c 2650607
|d 2652537
|